00538nam a22001577a 450000500170000000800410001702000150005804100130007308200150008610000130010124501340011425000190024826000570026730000310032465000250035520231128081444.0231128b |||||||| |||| 00| 0 eng d a0409012165 aEnglish  a340.1 INT  lEnglish  aIntroduction to Legal Pluralism in South Africa : bPart I Customary Law / cedited by JC Bekker, JMT Labuschagne and LP Vorster  aFirst Edition  aDurban : bButterworth Publishers (Pty) Ltd, c2002  bxiv, 216 pages ; c25 cm.  aLegal practice bLaw